00501 2200193 4500001002100000005001500021035002000036008004100056082001300097084001900110100002200129245001900151250001400170260004000184300004500224650001500269650001200284990001100296INLIS00000000000214520251029015413 a0010-0621001745251029 g 0 eng  aR.704.94 aR.704.94 CRI p0 aCristopher McHugh1 aPeople At Work aCetakan 1 aNew York :bThomson Learning,c1993 a32 halaman :bIlustrasi [Warna] ;c25 cm 4aSeni Lukis 4aSejarah a018233